| 000 | 00335nam a2200133Ia 4500 | ||
|---|---|---|---|
| 005 | 20251222144851.0 | ||
| 008 | 251222s9999||||xx |||||||||||||| ||spa|| | ||
| 020 | _a978-84-9987-034-2 | ||
| 082 | _a616.22/Q68 | ||
| 100 | _aQuiñones, Carmen | ||
| 245 | 0 | _aTécnicas para el Cuidado de la Voz | |
| 264 | _bWolters Kluwer | ||
| 942 | _cLIB | ||
| 999 |
_c21619 _d21619 |
||